Medicine: Non Communicable Diseases in Adults (Record no. 2240)

000 -LEADER
fixed length control field 00576nam a22001937a 4500
003 - CONTROL NUMBER IDENTIFIER
control field OSt
005 - DATE AND TIME OF LATEST TRANSACTION
control field 20210707085459.0
008 - FIXED-LENGTH DATA ELEMENTS--GENERAL INFORMATION
fixed length control field 210707b ||||| |||| 00| 0 eng d
020 ## - INTERNATIONAL STANDARD BOOK NUMBER
International Standard Book Number -
040 ## - CATALOGING SOURCE
Transcribing agency ALUPE UNIVERSITY
050 ## - LIBRARY OF CONGRESS CALL NUMBER
Classification number R690
Item number .N52 1985
100 ## - MAIN ENTRY--PERSONAL NAME
Personal name N. W. Nicholson
245 ## - TITLE STATEMENT
Title Medicine: Non Communicable Diseases in Adults
Statement of responsibility, etc. N.W. Nicholson ; illustrated by Meg Palmer, Nicolette Dames.
260 ## - PUBLICATION, DISTRIBUTION, ETC.
Place of publication, distribution, etc. Nairobi, Kenya
Name of publisher, distributor, etc. AMREF
Date of publication, distribution, etc. 1985
300 ## - PHYSICAL DESCRIPTION
Extent 383 pages.
440 ## - SERIES STATEMENT/ADDED ENTRY--TITLE
Title Rural Health Series
650 ## - SUBJECT ADDED ENTRY--TOPICAL TERM
Topical term or geographic name entry element Medicine
Form subdivision Non Communicable Disease
942 ## - ADDED ENTRY ELEMENTS (KOHA)
Source of classification or shelving scheme
Koha item type Book
Suppress in OPAC MW
Holdings
Withdrawn status Lost status Source of classification or shelving scheme Damaged status Not for loan Permanent Location Current Location Shelving location Date acquired Total Checkouts Full call number Barcode Date last seen Price effective from Koha item type Public note
          AU LIBRARY AU LIBRARY Open Shelf 07.07.2021   R690 .N52 1985 28002083 07.07.2021 07.07.2021 Book MW

Powered by Koha